000 00998nam a2200265 i 4500
005 20200104041525.0
008 160112s1999 gw |r||| |||| 00| 0 dpa d
020 _a3933984424
040 _aCO-BoIAVH
_cCO-BoIAVH
041 _aspa
044 _agx
082 0 4 _a333.95
_bB45a
100 1 _aBeltrán, Javier
245 _aAnálisis de la contribución del sector no gubernamental a la conservación in situ de la biodiversidad :
_bManejo de áreas protegidas /
_cJavier Beltrán y Jochen Esser.
260 _aEschborn :
_bWorld Conservation,
_c1999.
300 _a125 páginas
650 1 4 _aÁreas de conservación de recursos naturales
650 2 4 _aConservación de especies
650 2 4 _aDiversidad biólogica
_xConservación
650 2 4 _aConservación de la naturaleza
650 2 4 _aConservación biológica
650 2 4 _aConservación de los recursos naturales
700 _aEsser, Jochen,
_eautor.
942 _cLIBRO
_2ddc
999 _c1889
_d1889